Jugando con la ortografía : (Registro nro. 14720)

Detalles MARC
000 -LEADER
fixed length control field 00960nam a2200289 a 4500
001 - CONTROL NUMBER
control field
003 - CONTROL NUMBER IDENTIFIER
control field DO-SdBNP
005 - DATE AND TIME OF LATEST TRANSACTION
control field 20240705133324.0
008 - FIXED-LENGTH DATA ELEMENTS--GENERAL INFORMATION
fixed length control field 081212s2007 sp 000 0 spa d
020 ## - INTERNATIONAL STANDARD BOOK NUMBER
International Standard Book Number 9789507714429 (o.c)
040 ## - CATALOGING SOURCE
Original cataloging agency BPMSU
Language of cataloging spa
Transcribing agency BPMSU
082 #4 - DEWEY DECIMAL CLASSIFICATION NUMBER
Classification number 372.6
Item number J93c 2007
Edition number 22
245 00 - TITLE STATEMENT
Title Jugando con la ortografía :
Remainder of title y adiós a las faltas /
Statement of responsibility, etc. redacción de textos María Teresa Forero ; dirección de la obra Marta Lucia Ghiglioni ; ilustraciones Víctor Marcelo Páez
250 ## - EDITION STATEMENT
Edition statement
260 ## - PUBLICATION, DISTRIBUTION, ETC. (IMPRINT)
Place of publication, distribution, etc. Uruguay :
Name of publisher, distributor, etc. Cultura Librera Americana,
Date of publication, distribution, etc. 2007
300 ## - PHYSICAL DESCRIPTION
Extent v. ;
Dimensions 28 cm.
500 ## - GENERAL NOTE
General note
504 ## - BIBLIOGRAPHY, ETC. NOTE
Bibliography, etc
590 ## - LOCAL NOTE (RLIN)
Local note Inventariado, 2024/VM
650 #4 - SUBJECT ADDED ENTRY--TOPICAL TERM
Topical term or geographic name as entry element Español
General subdivision Ortografía
650 #4 - SUBJECT ADDED ENTRY--TOPICAL TERM
Topical term or geographic name as entry element Español
General subdivision Ortografía
-- Enseñanza
700 1# - ADDED ENTRY--PERSONAL NAME
Personal name Forero, María Teresa
Relator term redacciòn
700 1# - ADDED ENTRY--PERSONAL NAME
Personal name Páez, Víctor Marcelo
Relator term ilustraciones
710 2# - ADDED ENTRY--CORPORATE NAME
Corporate name or jurisdiction name as entry element Cultura Librera Americana
910 ## - USER-OPTION DATA (OCLC)
User-option data VMateo V. Control de calidad. BPMSU
942 ## - ADDED ENTRY ELEMENTS (KOHA)
Source of classification or shelving scheme Dewey Decimal Classification
Koha item type Libros
Existencias
Withdrawn status Lost status Source of classification or shelving scheme Damaged status Not for loan Collection code Home library Current library Date acquired Total Checkouts Full call number Barcode Date last seen Copy number Price effective from Koha item type
    Dewey Decimal Classification     Colección Infantil General Biblioteca Pública Metropolitana Salomé Ureña Biblioteca Pública Metropolitana Salomé Ureña 07/05/2024   BPMSU CGI 372.6 J93c 2007 BPMSU24070029 07/05/2024 v.1 07/05/2024 Libros
    Dewey Decimal Classification     Colección Infantil General Biblioteca Pública Metropolitana Salomé Ureña Biblioteca Pública Metropolitana Salomé Ureña 07/05/2024   BPMSU CGI 372.6 J93c 2007 BPMSU24070030 07/05/2024 v.2 07/05/2024 Libros